00794cam a22002291 4500001001300000003000400013005001700017008004100034010001700075035001900092040002500111042001200136050001500148100003100163245021400194250001300408260003200421300002100453504004100474650003200515999001700547sa 68020684 DLC20260227112726.0760701s1966 io 000 0 ind  asa 68020684  a(OCoLC)2292493 aDLCcOAUdOCoLCdDLC apremarc00aLA99b.J861 aYunus, Mahmud,d1899-1982.10aSedjarah pendidikan Islam,bdari zaman Nabi s.a.w., chalifah² Rasjidin, Bani Umaijah dan Abbasijah sampai zaman Mamluks dan Usmanijah Turki /coleh Mahmud Junus untuk mahasiswa² Fakultas Tarbijah I. A. I. N. aTjet. 1. aDjakarta :bMutiara,c1966. a158 p. ;c22 cm. aIncludes bibliographical references. 0aIslamic educationxHistory. c89558d89558